[Event "ESP-ch U14"]
[Site "Granada"]
[Date "2016.07.11"]
[Round "1"]
[White "Quispe Arteaga, Gabriel"]
[Black "Quintana Toribio, Felix"]
[Result "1-0"]
[WhiteElo "2238"]
[BlackElo "1543"]
[PlyCount "87"]
[EventDate "2016.07.11"]
[EventType "swiss"]
[EventRounds "9"]
[EventCountry "ESP"]
[SourceTitle "EXT 2024"]
[Source "ChessBase"]
[SourceDate "2023.10.10"]
[SourceVersion "1"]
[SourceVersionDate "2023.10.10"]
[SourceQuality "1"]

1. d4 Nf6 2. c4 g6 3. g3 Bg7 4. Bg2 0-0 5. Nc3 d6 6. Nf3 Nbd7 7. 0-0 e5 8. e4 exd4 9. Nxd4 Re8 10. Re1 a6 11. h3 Rb8 12. f4 Nf8 13. Be3 c5 14. Nb3 b6 15. Qd3 Qd7 16. Rad1 Rd8 17. Qc2 Qe7 18. Bf2 Bb7 19. Re2 Qc7 20. Red2 Ne8 21. Rd3 Nd7 22. Nd5 Bxd5 23. Rxd5 Ndf6 24. R5d3 Rd7 25. Qd2 Rbd8 26. g4 h6 27. Bg3 Nh7 28. h4 Nf8 29. f5 Be5 30. Bf4 Bxf4 31. Qxf4 Kg7 32. g5 h5 33. Bh3 Kg8 34. Qg3 Re7 35. e5 Rxe5 36. Qxe5 dxe5 37. Rxd8 Ng7 38. fxg6 fxg6 39. R1d7 Qc6 40. Rd5 Qa4 41. Nd2 Qxa2 42. Rb8 Kf7 43. Rdd8 Nge6 44. Rb7+ 1-0